Xavier Lacroix , Passeurs de vie , Essai sur la paternité. Bayard, 2004, 318 pages, 19,90 € (notice n° 1763895)
[ vue normale ]
| 000 -LEADER | |
|---|---|
| fixed length control field | 00842cam a2200157 4500500 |
| 005 - DATE AND TIME OF LATEST TRANSACTION | |
| control field | 20260322011316.0 |
| 041 ## - LANGUAGE CODE | |
| Language code of text/sound track or separate title | fre |
| 042 ## - AUTHENTICATION CODE | |
| Authentication code | dc |
| 100 10 - MAIN ENTRY--PERSONAL NAME | |
| Personal name | Le Corre, Françoise |
| Relator term | author |
| 245 00 - TITLE STATEMENT | |
| Title | Xavier Lacroix , Passeurs de vie , Essai sur la paternité. Bayard, 2004, 318 pages, 19,90 € |
| 260 ## - PUBLICATION, DISTRIBUTION, ETC. | |
| Date of publication, distribution, etc. | 2005.<br/> |
| 500 ## - GENERAL NOTE | |
| General note | 28 |
| 520 ## - SUMMARY, ETC. | |
| Summary, etc. | RésuméSi le paysage est bien l’expression d’un « sentiment du oui » au monde, il ne signifie pas pour autant qu’il faille « abandonner le refus et la révolte qui sont dans l’homme aussi essentiels que sa conscience même ». A l’instar du surréalisme, il s’agit de « repenser les noces rompues »... |
| 786 0# - DATA SOURCE ENTRY | |
| Note | Études | 402 | 2 | 2005-02-01 | p. XV-XV | 0014-1941 |
| 856 41 - ELECTRONIC LOCATION AND ACCESS | |
| Uniform Resource Identifier | <a href="https://shs.cairn.info/revue-etudes-2005-2-page-XV?lang=fr&redirect-ssocas=7080">https://shs.cairn.info/revue-etudes-2005-2-page-XV?lang=fr&redirect-ssocas=7080</a> |
Pas d'exemplaire disponible.




Réseaux sociaux